Efficient management of powdery mildew disease of Hevea rubber plants with integrated use of systemic and non-systemic fungicides (Record no. 58434)

MARC details
000 -LEADER
fixed length control field 00598nam a2200169Ia 4500
100 ## - MAIN ENTRY--AUTHOR NAME
Personal name Edathil Thomson T
245 #0 - TITLE STATEMENT
Title Efficient management of powdery mildew disease of Hevea rubber plants with integrated use of systemic and non-systemic fungicides
260 ## - PUBLICATION, DISTRIBUTION, ETC. (IMPRINT)
Name of publisher Placrosym XII, 1996, Kottayam, India. Developments in Plantation Crops Research, pp. 287-291.
Year of publication 1998
650 ## - SUBJECT ADDED ENTRY--TOPICAL TERM
Topical Term fungicides
650 ## - SUBJECT ADDED ENTRY--TOPICAL TERM
Topical Term Hevea
650 ## - SUBJECT ADDED ENTRY--TOPICAL TERM
Topical Term Powdery mildew
700 ## - ADDED ENTRY--PERSONAL NAME
Personal name Idicula Sabu P
700 ## - ADDED ENTRY--PERSONAL NAME
Personal name Jacob C Kuruvilla
700 ## - ADDED ENTRY--PERSONAL NAME
Personal name Joseph Mathew
942 ## - ADDED ENTRY ELEMENTS (KOHA)
Koha item type Journals
Holdings
Withdrawn status Lost status Damaged status Not for loan Home library Current library Shelving location Date acquired Koha item type
      Journals RRII Library RRII Library Pathology 14/06/1999 Journals